LIBRARY & INFORMATION CENTRE, KCAET, TAVANUR

ONLINE PUBLIC ACCESS CATALOGUE (OPAC)

Pre professional botany / (Record no. 9819)

MARC details
000 -LEADER
fixed length control field 00438cam a2200181ua 4500
041 ## - LANGUAGE CODE
Language code of text/sound track or separate title eng
082 ## - DEWEY DECIMAL CLASSIFICATION NUMBER
Classification number 581
Item number CHA/PR
100 ## - MAIN ENTRY--AUTHOR NAME
Personal name Chandrasekharan, S N .
245 ## - TITLE STATEMENT
Title Pre professional botany /
250 ## - EDITION STATEMENT
Edition statement 1 /
260 ## - PUBLICATION, DISTRIBUTION, ETC. (IMPRINT)
Place of publication Chennai :
Name of publisher S.Viswanathan ,
Year of publication 1959.
300 ## - PHYSICAL DESCRIPTION
Number of Pages 178 ; .
942 ## - ADDED ENTRY ELEMENTS (KOHA)
Koha item type Books
Holdings
Withdrawn status Lost status Damaged status Home library Current library Date acquired Cost, normal purchase price Full call number Accession Number Koha item type
Withdrawn     KAUAET KAUAET 07/04/2012 5.00 581 CHA/PR 7389 Books
free website counter